| 000 | 00000nam##2200000za#4500 |
| 001 | 9.570200 |
| 003 | CaOODSP |
| 005 | 20210624182128 |
| 007 | cr ||||||||||| |
| 008 | 150406|2008||||xxc|||||o f|0| 0 eng|d |
| 040 | |aCaOODSP|beng |
| 043 | |an-cn--- |
| 086 | 1 |aNH18-1-2/180-2008E-PDF |
| 110 | 2 |aCanada Mortgage and Housing Corporation. |
| 245 | 10|aAffordability challenges and rental market dynamics in small Nova Scotia communities with community college campuses / |h[electronic resource]|cprepared by David Bruce. |
| 246 | 1 |iAdditional title (within publication) : |aDéfis en matière d'abordabilité et dynamique du marché locatif dans les petites collectivités de la Nouvelle-Écosse où se trouvent des campus de collège communautaire |
| 260 | |aOttawa - Ontario : |bCanada Mortgage and Housing Corporation |c2008 (main report), February 2009 (Research highlight). |
| 300 | |a101p.|btables |
| 490 | 1 |aResearch report |
| 500 | |aIncludes: Research highlight (Socio-economic series 09-008, February 2009) under the same title. Y compris : Le point en recherche (Série socio-économique 09-008, février 2009) sous le titre « Défis en matière d'abordabilité et dynamique du marché locatif dans les petites collectivités de la Nouvelle-Écosse où se trouvent des campus de collège communautaire ». |
| 504 | |aBibliography. |
| 546 | |a(Le point en recherche en français.) |
| 590 | |a11-26-Supp|b2011-11-03 |
| 720 | 1 |aBruce, David |
| 830 | #0|aResearch report (Canada Mortgage and Housing Corporation : Online)|w(CaOODSP)9.506068 |
| 856 | 40|ahttp://publications.gc.ca|qPDF|s1.02 MB|uhttps://publications.gc.ca/collections/collection_2011/schl-cmhc/nh18-1-2/NH18-1-2-180-2008-eng.pdf |